Advanced Polymer Simulation and Processing-Volume II (Record no. 75886)
[ view plain ]
| 000 -LEADER | |
|---|---|
| fixed length control field | 00810nam a22001697a 4500 |
| 020 ## - INTERNATIONAL STANDARD BOOK NUMBER | |
| ISBN | 978-3-0365-6667-2 (PDF) |
| 082 ## - DEWEY DECIMAL CLASSIFICATION NUMBER | |
| Classification number | E book |
| 100 ## - MAIN ENTRY--AUTHOR NAME | |
| Personal name | Pinto Fernandes, Célio Bruno, Ed. |
| -- | Faroughi, Salah Aldin, Ed. |
| -- | Ferrás, Luís L., Ed. |
| -- | Afonso, Alexandre M., Ed. |
| 245 ## - TITLE STATEMENT | |
| Title | Advanced Polymer Simulation and Processing-Volume II |
| 260 ## - PUBLICATION, DISTRIBUTION, ETC. (IMPRINT) | |
| Place of publication | Switzerland |
| Name of publisher | MDPI |
| Year of publication | 2023 |
| 300 ## - PHYSICAL DESCRIPTION | |
| Number of Pages | 470p. |
| 500 ## - GENERAL NOTE | |
| General note | This is a reprint of articles from the Special Issue published online in the open access journal Polymers (ISSN 2073-4360) (available at: https://www.mdpi.com/journal/polymers/special_issues/Polym_ Simul_Process). |
| 650 ## - SUBJECT ADDED ENTRY--TOPICAL TERM | |
| Topical Term | Polymer simulation |
| 856 ## - ELECTRONIC LOCATION AND ACCESS | |
| Uniform Resource Identifier | https://mdpi-res.com/bookfiles/book/6871/Advanced_Polymer_Simulation_and_Processing.pdf?v=1773626833 |
| 942 ## - ADDED ENTRY ELEMENTS (KOHA) | |
| Koha item type | e-Book |
| Withdrawn status | Lost status | Damaged status | Not for loan | Home library | Current library | Date acquired | Source of acquisition | Full call number | Koha item type |
|---|---|---|---|---|---|---|---|---|---|
| RRII Library | RRII Library | 16/03/2026 | Directory of open access books | E book | e-Book |